| 000 | 00764nam a22002295a 4500 | ||
|---|---|---|---|
| 005 | 20180311125101.0 | ||
| 008 | 180311t1997 njua frb 001 0 eng d | ||
| 020 | _a9780133011449 | ||
| 020 | _a0133011445 | ||
| 040 |
_aEG-ScBUE _beng _cEG-ScBUE _dEG-ScBUE |
||
| 082 | 0 | 4 |
_222 _a621.395 _bGAJ |
| 100 | 1 | _aGajski, Daniel D. | |
| 245 | 1 | 0 |
_aPrinciples of digital design / _cDaniel D. Gajski. |
| 260 |
_aUpper Saddle River : _bPearson Education / Prentice Hall, _cc.1997. |
||
| 300 |
_axv, 447 p. : _bill. ; _c26 cm. |
||
| 504 | _aIncludes bibliographical references and index. | ||
| 650 | 7 |
_2BUEsh _aLogic design _xData processing. |
|
| 650 | 7 |
_2BUEsh _aIntegrated circuits _xDesign _xData processing. |
|
| 651 | _2BUEsh | ||
| 653 |
_bGGEN _cMarch2018 |
||
| 942 | _2ddc | ||
| 999 |
_c26270 _d26242 |
||